Kommunen im LK Trier-Saarburg über 2000 Einwohnern - Statistiken

Allgemein
  • Dieses Quiz wurde 29 mal gespielt
  • Das Durchschnittsergebnis liegt bei 14 aus 24
Antwortstatistiken
Einwohner Verbandsgemeinde Kommune % Korrekt
8013 Hermeskeil Hermeskeil
100%
2018 Saarburg-Kell Kell am See
100%
18403 Konz Konz
100%
7597 Saarburg-Kell Saarburg
100%
7992 Schweich Schweich
100%
2355 Ruwer Osburg
74%
2111 Ruwer Waldrach
74%
3790 Trier-Land Trierweiler
68%
3084 Schweich Föhren
63%
2914 Schweich Kenn
63%
2029 Ruwer Gusterath
58%
2498 Hermeskeil Reinsfeld
58%
2110 Trier-Land Igel
53%
2529 Saarburg-Kell Wincheringen
53%
2552 Schweich Fell
47%
2770 Trier-Land Newel
47%
2477 Schweich Mehring
42%
2222 Konz Wasserliesch
42%
2628 Trier-Land Welschbillig
37%
3069 Trier-Land Zemmer
37%
2655 Konz Nittel
32%
2640 Konz Tawern
32%
2159 Trier-Land Kordel
26%
2097 Trier-Land Ralingen
21%
Keine übereinstimmenden Quizze gefunden
Verteilung der Resultate
Anzahl Personen mit jedem Resultat
Perzentil nach korrekt beantworteten Fragen
Ihre Resultats-Entwicklung
Sie haben dieses Quiz noch nicht gespielt